| 000 | 00560 a2200193 4500 | ||
|---|---|---|---|
| 020 | _a0333981111 | ||
| 040 |
_aDLC _bEnglish |
||
| 082 | 0 | 4 | _a511 |
| 100 | 1 | _aGrossman, Peter. | |
| 245 | 1 | 0 |
_aDiscrete mathematics for computing _cPeter Grossman. |
| 250 | _a2nd ed. | ||
| 260 |
_aBasingstoke : _bPalgrave Macmillan, _c2002. |
||
| 300 |
_axv, 301 p. : _bill. ; _c25 cm. |
||
| 490 | 1 | _aGrassroots series | |
| 500 | _aPrevious ed.: 1995. | ||
| 650 | 0 |
_aComputer science _xMathematics. |
|
| 830 | 0 | _aGrassroots series (Macmillan Press) | |
| 942 |
_cBK _k511 GRO _2ddc |
||
| 999 |
_c7375 _d7375 |
||